Los problemas fundamentales en el aprendizaje de las matemáticas y las formas superiores del desarrollo cognitivo

Guardat en:
Dades bibliogràfiques
Autor principal: Duval, Raymond (Autor)
Format: Llibre
Idioma:espanyol
Publicat: Cali Universidad del Valle 1999
Matèries:
Etiquetes: Afegir etiqueta
Sense etiquetes, Sigues el primer a etiquetar aquest registre!

MARC

LEADER 00000nam a2200000 a 4500
001 UCL9311
003 CL-VaPUC
008 040730e19990000CK |||||||||||||||||spa|d
082 0 4 |a 401.41  |b DUV  |2 21 
100 0 |a Duval, Raymond  |e author  |9 487118 
245 1 4 |a Los problemas fundamentales en el aprendizaje de las matemáticas y las formas superiores del desarrollo cognitivo 
300 |a 121 p 
942 |c BK 
945 |d 20040730 00:00:00  |a cmena 
260 |a Cali  |b Universidad del Valle  |c 1999 
500 |a Pág. 114-121 mal compaginadas 
650 0 |a Análisis del discurso  |9 256696 
650 0 |a Cognición   |9 270347 
650 0 |a Psicolingüística   |9 283371 
650 0 |a Aprendizaje   |9 254827 
650 0 |a Semántica  |9 265318 
650 0 |a Matemáticas  |x Enseñanza  |9 875527 
583 |a last modification  |c 20040730 00:00:00  |k Rodrigo Vera 
999 |c 310148  |d 310146 
952 |0 0  |1 0  |4 0  |6 401_410000000000000_DUV_1999  |7 0  |8 A  |9 378359  |a BIBMAT  |b BIBMAT  |c E_DIDACT  |d 2019-11-21  |i 4043472  |l 4  |o 401.41 DUV 1999  |p 4043472  |r 2025-01-07  |s 2023-03-24  |w 2019-11-21  |y BK  |k MMA